Influence of processing conditions on volatile matter (VM) content of pale crepe (Record no. 61296)

MARC details
000 -LEADER
fixed length control field 00431nam a2200145Ia 4500
100 ## - MAIN ENTRY--AUTHOR NAME
Personal name Nadarajah M
245 #0 - TITLE STATEMENT
Title Influence of processing conditions on volatile matter (VM) content of pale crepe
260 ## - PUBLICATION, DISTRIBUTION, ETC. (IMPRINT)
Name of publisher Rubber Research Institute of Sri Lanka Bulletin
Year of publication 1983
300 ## - PHYSICAL DESCRIPTION
Number of Pages 14-Dec
650 ## - SUBJECT ADDED ENTRY--TOPICAL TERM
Topical Term Pale crepe
650 ## - SUBJECT ADDED ENTRY--TOPICAL TERM
Topical Term Volatile matter
700 ## - ADDED ENTRY--PERSONAL NAME
Personal name Perera D C
942 ## - ADDED ENTRY ELEMENTS (KOHA)
Koha item type Journals
Holdings
Withdrawn status Lost status Damaged status Not for loan Home library Current library Shelving location Date acquired Serial Enumeration / chronology Koha item type
      Journals RRII Library RRII Library Rubber general 17/12/2021 Volume 17, Issue Journals